| 000 | 01132 a2200253 4500 | ||
|---|---|---|---|
| 003 | Nust | ||
| 005 | 20230316102839.0 | ||
| 010 | _a 76360367 | ||
| 020 | _a035608325X : | ||
| 040 | _cNust | ||
| 082 | 0 | 0 |
_a355.0092, MAL _aB |
| 100 | 1 |
_aMacksey, Kenneth. _946254 |
|
| 245 | 1 | 0 |
_aGuderian, Panzer general / _c[by] Kenneth Macksey. |
| 260 |
_aLondon : _bMacdonald and Jane's, _c1975. |
||
| 300 |
_axii, 226 p., [16] p. of plates : _bill., maps, port. ; _c24 cm. |
||
| 505 | _aA Peculiar Fellow (Page-1), Factors for the Future (Page-11), The Blackest Days (Page-25), The Seashore Savoir (Page-37), The Creation of the Panzertruppe (Page-57), Vindicators in Poland (Page-80), The Fate of Hero (Page-127), The Road to Lotzen (Page-161), The Last in the Line (Page-188), The Final Stand (Page-204). | ||
| 600 | 1 | 0 |
_aGuderian, Heinz, _d1888-1954. _9110364 |
| 610 | 1 | 0 |
_aGermany. _bHeer _xArmored troops _xHistory. _9110365 |
| 610 | 1 | 0 |
_aGermany. _bHeer _xBiography. _9110366 |
| 650 | 0 |
_aGenerals _zGermany _xBiography. _9110367 |
|
| 650 | 0 |
_aLightning war _xHistory. _9110368 |
|
| 650 | 0 |
_aTank warfare _xHistory. _9110369 |
|
| 942 |
_2ddc _cBK |
||
| 999 |
_c185123 _d185123 |
||